| 000 | 00477nam a2200169Ia 4500 | ||
|---|---|---|---|
| 003 | OSt | ||
| 005 | 20230608164058.0 | ||
| 008 | 210423s2003 xx 000 0 und d | ||
| 040 | _cAL | ||
| 082 |
_a808.51 SHEP _223 |
||
| 100 |
_aSHEPHARD (Kerry). _9122972 |
||
| 245 | _aPresenting at conference seminars and meetings. | ||
| 260 |
_aNew Delhi _bResponse Books _c2003 |
||
| 365 |
_b280 _cINR |
||
| 906 | _aat ; conference ; meetings. ; Presenting ; seminars | ||
| 942 |
_2ddc _cBK |
||
| 999 |
_c174128 _d174128 |
||